[Event "Reykjavik Chess Congress 2019"]
[Site "Reykjavik"]
[Date "2019.01.20"]
[Round "5"]
[White "Ptacnikova, Lenka"]
[Black "Gretarsson, Hjorvar Steinn"]
[Result "0-1"]
[WhiteElo "2187"]
[BlackElo "2560"]
[Annotator "ChessBase"]
[PlyCount "132"]
[EventDate "2019.01.09"]
[EventType "swiss"]
[EventCountry "ISL"]
[SourceTitle "playchess.com"]
[Source "ChessBase"]
[SourceQuality "1"]
[TimeControl "40/5400+30:900+30"]

1. c4 {[%emt 0:00:00]} e5 {[%emt 0:04:13]} 2. g3 {[%emt 0:00:18]} Nc6 {[%emt 0:00:50]} 3. Bg2 {[%emt 0:00:17]} Bc5 {[%emt 0:00:05]} 4. Nc3 {[%emt 0:01:13]} d6 {[%emt 0:01:03]} 5. e3 {[%emt 0:00:50]} a6 {[%emt 0:00:05]} 6. Nge2 {[%emt 0:00:23]} Ba7 {[%emt 0:00:18]} 7. O-O {[%emt 0:00:47]} h5 {[%emt 0:00:35]} 8. d4 {[%emt 0:00:18]} h4 {[%emt 0:03:15]} 9. b4 {[%emt 0:06:03]} Qg5 {[%emt 0:22:12]} 10. b5 {[%emt 0:22:05]} axb5 {[%emt 0:01:23]} 11. cxb5 {[%emt 0:04:00]} Nce7 {[%emt 0:01:13]} 12. f3 {[%emt 0:10:13]} hxg3 {[%emt 0:03:04]} 13. hxg3 {[%emt 0:00:03]} Nf6 {[%emt 0:03:01]} 14. Kf2 {[%emt 0:00:28]} e4 {[%emt 0:05:24]} 15. Nxe4 {[%emt 0:10:23]} Nxe4+ {[%emt 0:00:24]} 16. fxe4 {[%emt 0:00:02]} Bg4 {[%emt 0:02:04]} 17. Qd3 {[%emt 0:09:42]} Rh2 {[%emt 0:05:47]} 18. Bb2 {[%emt 0:07:18]} Bh3 {[%emt 0:06:00]} 19. Rg1 {[%emt 0:00:07]} Qf6+ {[%emt 0:04:49]} 20. Nf4 {[%emt 0:00:06]} g5 {[%emt 0:00:45]} 21. e5 {[%emt 0:00:07]} dxe5 {[%emt 0:00:43]} 22. dxe5 {[%emt 0:00:31]} Qf5 {[%emt 0:01:19]} 23. Qxf5 {[%emt 0:10:08]} Nxf5 {[%emt 0:20:34]} 24. Nxh3 {[%emt 0:04:25]} Bxe3+ {[%emt 0:04:13]} 25. Kf3 {[%emt 0:00:20]} g4+ {[%emt 0:01:04]} 26. Kxg4 {[%emt 0:00:34]} Bxg1 {[%emt 0:00:18]} 27. Bxb7 {[%emt 0:02:14]} Nh6+ {[%emt 0:01:19]} 28. Kg5 {[%emt 0:09:41]} Ra4 {[%emt 0:04:18]} 29. Nf4 {[%emt 0:01:00]} Bc5 {[%emt 0:00:32]} 30. Bc6+ {[%emt 0:00:47]} Kf8 {[%emt 0:00:44]} 31. e6 {[%emt 0:00:13]} Be7+ {[%emt 0:02:42]} 32. Bf6 {[%emt 0:00:05]} Ra3 {[%emt 0:00:06]} 33. Rg1 {[%emt 0:01:02]} Bxf6+ {[%emt 0:00:55]} 34. Kxf6 {[%emt 0:00:05]} Ng8+ {[%emt 0:00:09]} 35. Ke5 {[%emt 0:00:22]} Ne7 {[%emt 0:00:42]} 36. exf7 {[%emt 0:00:13]} Kxf7 {[%emt 0:00:46]} 37. Be4 {[%emt 0:00:34]} Rhxa2 {[%emt 0:00:40]} 38. Nd5 {[%emt 0:00:59]} Re2 {[%emt 0:00:52]} 39. Rf1+ {[%emt 0:00:21]} Ke8 {[%emt 0:00:09]} 40. Nxc7+ {[%emt 0:00:00]} Kd7 {[%emt 0:00:00]} 41. Na6 {[%emt 0:01:18]} Rxg3 {[%emt 0:05:28]} 42. Rd1+ {[%emt 0:07:16]} Ke8 {[%emt 0:00:09]} 43. Nc7+ {[%emt 0:01:31]} Kf7 {[%emt 0:00:15]} 44. Rf1+ {[%emt 0:00:35]} Kg8 {[%emt 0:00:48]} 45. Ne6 {[%emt 0:02:32]} Ng6+ {[%emt 0:01:43]} 46. Kd4 {[%emt 0:03:07]} Rg4 {[%emt 0:02:35]} 47. Nc5 {[%emt 0:00:23]} Rb2 {[%emt 0:01:33]} 48. Rf6 {[%emt 0:01:43]} Ne7 {[%emt 0:01:40]} 49. b6 {[%emt 0:01:23]} Rb4+ {[%emt 0:01:00]} 50. Kc3 {[%emt 0:01:16]} Rgxe4 {[%emt 0:00:22]} 51. Nxe4 {[%emt 0:00:08]} Nd5+ {[%emt 0:00:05]} 52. Kd3 {[%emt 0:00:11]} Nxf6 {[%emt 0:00:10]} 53. Nxf6+ {[%emt 0:00:04]} Kf7 {[%emt 0:00:10]} 54. Nd5 {[%emt 0:00:06]} Rb1 {[%emt 0:00:14]} 55. Kc4 {[%emt 0:00:25]} Ke6 {[%emt 0:00:07]} 56. Nb4 {[%emt 0:00:31]} Kd7 {[%emt 0:01:12]} 57. Kc5 {[%emt 0:00:27]} Kc8 {[%emt 0:00:55]} 58. Nc6 {[%emt 0:00:39]} Kb7 {[%emt 0:00:08]} 59. Na5+ {[%emt 0:00:20]} Ka6 {[%emt 0:00:16]} 60. Nc4 {[%emt 0:00:09]} Rc1 {[%emt 0:01:29]} 61. Kb4 {[%emt 0:00:08]} Rh1 {[%emt 0:00:50]} 62. Kc5 {[%emt 0:00:07]} Rh5+ {[%emt 0:00:09]} 63. Kc6 {[%emt 0:00:31]} Rb5 {[%emt 0:00:06]} 64. Kc7 {[%emt 0:02:34]} Rc5+ {[%emt 0:00:11]} 65. Kb8 {[%emt 0:00:04]} Rxc4 {[%emt 0:00:17]} 66. b7 {[%emt 0:00:05]} Kb6 0-1

[Event "Reykjavik Chess Congress 2019"]
[Site "Reykjavik"]
[Date "2019.01.23"]
[Round "6"]
[White "Gretarsson, Hjorvar Steinn"]
[Black "Stefansson, Vignir Vatnar"]
[Result "1-0"]
[WhiteElo "2560"]
[BlackElo "2248"]
[Annotator "TA"]
[PlyCount "61"]
[EventDate "2019.01.09"]
[EventType "swiss"]
[EventCountry "ISL"]
[SourceTitle "playchess.com"]
[Source "ChessBase"]
[SourceQuality "1"]

{[%evp 13,61,44,47,53,42,55,63,53,134,46,102,22,26,20,25,43,51,50,75,88,55,36,112,75,238,205,233,169,190,199,187,168,196,202,202,197,212,210,210,209,273,270,329,238,287,287,278,263,274,276]} 1. d4 f5 2. Bg5 h6 3. Bh4 g5 4. e3 Nf6 5. Bg3 d6 6. h4 g4 {A80: Dutch Defence: Unusual White second moves} 7. h5 Be6 {LiveBook: 7 Publish game on website} 8. Bd3 Qd7 {White is slightly better.} 9. c4 Bf7 10. Qb3 $1 {[%cal Rb3b7]} c6 $146 {[#]} (10... b6 $14) ({You set blue moves yourself with the critical opening position annotation.:} 10... c5 11. d5 Nxh5 12. Ne2 Na6 13. a3 O-O-O 14. Qc2 Nxg3 15. Nxg3 {½-½ (25) Martin Sanchez,C (2444)-Pirs,M (2522) ICCF email 2015}) 11. Ne2 ({Better is} 11. Bxf5 $1 $16 {[%mdl 512]} Qxf5 12. Qxb7) 11... Nxh5 (11... Na6 $1 $14) 12. Bh4 (12. Rxh5 $16 Bxh5 13. Bxf5 $1 {[%mdl 512]}) 12... Na6 $11 13. Nd2 {[%cal Bb1d2,Bd2c4,Bc4e5][%mdl 32]} O-O-O 14. a3 Re8 15. Qc2 $36 {[%mdl 3072] White has compensation. Black is under pressure.} e6 {[#]} 16. c5 $1 Nc7 17. Nc4 Bg6 (17... Nd5 $1 $14) 18. b4 e5 $2 (18... Kb8 $16) 19. cxd6 $18 e4 20. Bxe4 (20. dxc7 exd3 21. Qxd3 Qxc7 $16) 20... Rxe4 21. dxc7 Qxc7 22. Ne5 Bh7 23. Nc3 Rxe5 24. dxe5 Qxe5 25. Rd1 Bg7 {White must now prevent ...f4.} 26. Ne2 f4 {[#]} 27. Qd2 $1 {[%cal Rd2d7]} Re8 28. Qd7+ {[%mdl 64] NOTEXT-4834} Kb8 {[#]} 29. Qxe8+ $1 {[%mdl 576] NOTEXT-4837. White has a decisive advantage.} Qxe8 30. Rd8+ Qxd8 31. Bxd8 {NOTEXT-4805: Tournament = 74%, Annotator = 31%.} 1-0

[Event "Reykjavik Chess Congress 2019"]
[Site "Reykjavik"]
[Date "2019.01.23"]
[Round "6"]
[White "Kjartansson, David"]
[Black "Kjartansson, Gudmundur"]
[Result "0-1"]
[WhiteElo "2403"]
[BlackElo "2424"]
[Annotator "TA"]
[PlyCount "82"]
[EventDate "2019.01.09"]
[EventType "swiss"]
[EventCountry "ISL"]
[SourceTitle "playchess.com"]
[Source "ChessBase"]
[SourceQuality "1"]

{[%evp 12,82,0,-27,0,-3,0,0,0,0,0,-22,-35,-26,-19,-7,0,-28,-15,-18,1,21,58,-288,-303,-311,-304,-293,-260,-235,-135,-145,-141,-351,142,155,136,0,0,0,0,0,0,-33,-40,14,-44,-141,0,-4,-4,-4,-4,-4,-4,-4,-4,-15,-14,-87,-68,-269,-276,-194,-261,-329,-327,-29964,-9963,-6095,-5522,-5126,-4132]} 1. e4 c6 2. d4 d5 3. e5 Bf5 4. Nc3 e6 5. g4 Bg6 6. Nge2 c5 7. Be3 {LiveBook: 192 Games} h5 {B12: Caro-Kann: Advance Variation} (7... Ne7 8. f4 h5 9. f5 exf5 10. g5 Nbc6 11. Nf4 a6 12. Bg2 cxd4 13. Bxd4 Nxd4 14. Qxd4 Nc6 15. Qf2 {0-1 (50) Kasparov,G (2812)-Navara,D (2737) Saint Louis 2017}) 8. Nf4 Nc6 $146 ({Predecessor:} 8... Bh7 9. dxc5 hxg4 10. Bb5+ Nc6 11. Qe2 Qc7 12. Nfxd5 exd5 13. Nxd5 Qc8 14. f3 Nge7 15. c4 {0-1 (29) Shabalov,A (2567)-Admiraal,M (2479) Escaldes 2018}) 9. Nxg6 fxg6 {The position is equal.} 10. Ne2 hxg4 11. Nf4 cxd4 12. Bxd4 Nxd4 13. Qxd4 Kf7 14. Bd3 Ne7 {...g5 is the strong threat.} 15. O-O-O Nf5 16. Qa4 $1 $40 {[%mdl 128] White mounts an attack.} a6 17. c4 $2 {[%mdl 8192] [#]} (17. Kb1 $1 $14 {stays ahead.}) 17... b5 $1 $19 {[%cal Rb5a4][%mdl 512]} 18. cxb5 axb5 19. Qxb5 {intending Kb1.} Qc7+ (19... Rxa2 20. Bc4 $1 $11 {[%mdl 512]}) 20. Kb1 Qa7 (20... Rb8 $1 $19 {[%cal Rb8b5]} 21. Nxe6 {[%mdl 64] Remove Defender} Kxe6 22. Bxf5+ gxf5 23. Qxd5+ Ke7) 21. Bc4 $17 Rb8 $1 {[%cal Rb8b5]} 22. Qc6 $2 (22. Qa6 $17 Qxa6 23. Bxa6) 22... Rxb2+ $2 (22... Rb6 $19 23. Qxe6+ {[%mdl 64] Remove Defender} Rxe6 24. Rxd5 Be7 25. Nxe6 Rc8) 23. Kxb2 $16 {[%csl Gf4][%cal Rc6e6]} Qxf2+ 24. Ka1 (24. Kb1 $1 $16 {[%csl Gf4][%cal Rc6e6]} Qxf4 25. Bxd5 $1 {[%mdl 512]}) 24... Qxf4 $11 25. Rxd5 $1 {Hoping for Rf1.} Bb4 {Strongly threatening ...Bc3+.} 26. Rd7+ Kg8 {Threatens to win with ...Bc3+.} 27. Rd8+ ({Don't blunder} 27. Qxe6+ $2 Kh7 $19) 27... Kh7 28. Rxh8+ Kxh8 29. Rd1 {[#]} ({White should try} 29. Bxe6 $15 Qd4+ 30. Kb1) 29... Nd4 (29... Bc3+ $1 $17 30. Kb1 Qf2) 30. Qc8+ Kh7 31. Bxe6 Nxe6 32. Qxe6 {[%mdl 4096] Endgame KQR-KQB} Bc3+ 33. Kb1 Qe4+ 34. Kc1 Bxe5 35. Qb3 (35. Qd5 $1 $11 Qe2 36. Rd2) 35... Bxh2 $17 {aiming for ...Bf4+.} 36. Qd3 $2 {[#]} ({White has to play} 36. Qc2 $1 $15 Bf4+ 37. Kb1) 36... Bf4+ $1 $19 37. Kc2 Qg2+ 38. Kb3 g3 39. Qf1 $2 (39. Re1 $19 Qb7+ 40. Kc2) 39... Qxf1 40. Rxf1 Be3 41. Rh1+ Kg8 {Accuracy: White = 31%, Black = 63%.} 0-1

[Event "Reykjavik Chess Congress 2019"]
[Site "Reykjavik"]
[Date "2019.01.23"]
[Round "6"]
[White "Viglundsson, Bjorgvin"]
[Black "Bjornsson, Sigurbjorn"]
[Result "0-1"]
[WhiteElo "2092"]
[BlackElo "2296"]
[Annotator "TA"]
[PlyCount "114"]
[EventDate "2019.01.09"]
[EventType "swiss"]
[EventCountry "ISL"]
[SourceTitle "playchess.com"]
[Source "ChessBase"]
[SourceQuality "1"]

{[%evp 14,114,17,-5,0,-5,0,-2,-1,-8,-1,-2,9,0,0,0,16,7,10,3,9,-34,0,-27,-27,-27,-35,-27,-29,-22,-8,-8,-8,-8,-8,-38,-23,-17,-12,-229,-172,-180,-137,-581,-227,-592,-386,-361,-352,-374,-87,-110,-67,-145,-168,-284,-206,-227,-233,-212,-187,-200,-187,-192,-193,-242,-74,-135,0,-236,-143,-215,-76,-83,-85,-195,-195,-195,-195,-434,-423,-422,-420,-331,-289,-368,-360,-448,-440,-7038,-11260,-11786,-7337,-5197,-3747,-29959,-29962,-29946,-7547,-29986,-29986,-29986,-29987]} 1. d4 Nf6 2. Nf3 g6 3. Bf4 Bg7 4. e3 O-O 5. Be2 d6 6. O-O b6 7. c4 Bb7 8. Nc3 Ne4 {E61: King's Indian: Early deviations for White, including Smyslov System} (8... c5 9. d5 Nbd7 10. h3 a6 11. a4 Qc7 12. e4 Rad8 13. Qd2 Bc8 14. Rfe1 Rfe8 15. Bf1 Nh5 16. Bh2 {½-½ (36) Karjakin,S (2783)-Nepomniachtchi,I (2751) chess.com INT 2017}) 9. Nxe4 Bxe4 10. Nd2 Bb7 {The position is equal.} 11. Bf3 Qc8 $146 ({Predecessor:} 11... Bxf3) 12. Qc2 Nd7 13. Rad1 e5 14. dxe5 Nxe5 15. Bxb7 Qxb7 16. b3 a5 17. a4 Rae8 18. Nb1 (18. Bxe5 $5 Rxe5 19. Nf3 $11) 18... Nd7 19. Nc3 Nc5 20. Nd5 Re6 21. f3 Rfe8 22. e4 c6 23. Nc3 Qe7 24. Bg3 f5 25. exf5 gxf5 26. h3 $2 (26. Rfe1 $11 {and White is okay.}) 26... Re3 $36 {[%mdl 2048] Black is in control.} 27. Nb1 Qg5 ({But not} 27... Rxb3 28. Qxf5 Be5 29. Bxe5 $15) 28. Kh2 $2 {[%mdl 8192] [#]} (28. Bf2 $17 {nothing else works.} Rxb3 29. Rxd6 (29. Bxc5 $2 Rb2 $19)) 28... Rxb3 $2 (28... Ne4 $1 {[%mdl 512]} 29. Be1 (29. fxe4 Qxg3+) 29... Be5+ 30. Kg1 Ng3) 29. Rd2 $2 (29. h4 Qh5 30. Rxd6) 29... Rb2 30. f4 Qg6 31. Qd1 Rxd2 $2 (31... Ne4 $19 32. Rd3 h5) 32. Nxd2 $17 Qf7 33. Qb1 (33. Bf2 $15) 33... Nxa4 34. Qb3 {[#]} (34. Rf3 $142) 34... b5 $1 35. cxb5 Qxb3 36. Nxb3 cxb5 37. Nxa5 Nc3 38. Nc6 d5 39. Ra1 Na4 $2 (39... d4 $19 {And now ...d3 would win.} 40. Ra7 Bf6) 40. Rd1 {[#]} (40. Rb1 $142) 40... Nc3 (40... d4 $1 $17 {[%mdl 512]} 41. Ne5 (41. Nxd4 Nb2) 41... b4) 41. Ra1 $1 $19 Bf6 42. Ra7 (42. Bf2 $17) 42... Rc8 (42... d4 $19 {has better winning chances. aiming for ...d3.} 43. Nb4 Re2 44. Ra8+ Kg7 45. Ra7+ Kg6) 43. Ne5 $17 d4 44. Rd7 (44. Rb7 $17) 44... Rd8 $19 45. Rxd8+ Bxd8 {[%mdl 4096] Endgame KBN-KBN} 46. Nd3 $2 (46. Bf2 {was forced.}) 46... Kf7 47. Bf2 Bf6 48. g4 Ke6 49. Kg2 Kd5 50. Kf3 Kc4 51. Ne5+ (51. Nb2+ $142 Kb3 52. Nd3) 51... Bxe5 $1 52. fxe5 fxg4+ 53. hxg4 {KB-KN} d3 {[%cal Bd4d3,Bd3d2][%mdl 32]} 54. Be1 b4 {[%cal Bb5b4,Bb4b3][%mdl 32]} 55. e6 Nd5 56. Bd2 b3 57. Bc1 {[#]} d2 $1 {[%mdl 512] Accuracy: White = 31%, Black = 51%.} 0-1

[Event "Reykjavik Chess Congress 2019"]
[Site "Reykjavik"]
[Date "2019.01.23"]
[Round "6"]
[White "Briem, Stephan"]
[Black "Omarsson, Dadi"]
[Result "1/2-1/2"]
[WhiteElo "1987"]
[BlackElo "2252"]
[Annotator "TA"]
[PlyCount "65"]
[EventDate "2019.01.09"]
[EventType "swiss"]
[EventCountry "ISL"]
[SourceTitle "playchess.com"]
[Source "ChessBase"]
[SourceQuality "1"]

{[%evp 16,65,43,36,47,37,50,46,60,51,45,26,26,28,27,27,28,27,26,27,27,27,19,19,26,23,27,24,27,12,66,60,79,87,144,148,143,136,144,142,328,0,0,0,0,0,0,-45,-43,-47,-47,-50]} 1. d4 Nf6 2. c4 g6 3. Nc3 Bg7 4. e4 d6 5. Be2 O-O 6. Nf3 Nbd7 7. O-O e5 8. dxe5 dxe5 9. Be3 {LiveBook: 31 Games. E94: King's Indian: Classical: 6 Be2 e5 7 0-0: Various Black 7th moves} (9. Bg5 h6 10. Bh4 c6 11. Qd6 Re8 12. Rad1 Qb6 13. b3 Bf8 14. Qd3 Nh5 15. Qc2 Nc5 16. Rfe1 Ne6 17. Bf1 Nef4 18. Na4 {0-1 (39) Gunina,V (2502)-Movsesian,S (2659) Minsk 2015}) 9... b6 10. Qc2 c6 11. b4 {White is slightly better.} Qe7 12. Rab1 Bb7 13. Nd2 $146 ({Predecessor:} 13. h3 Rfb8 14. Rfd1 a5 15. bxa5 bxa5 16. Rb3 Ba6 17. Rxb8+ Rxb8 18. Qa4 Qb4 19. Qxc6 Bb7 20. Qb5 Qxc3 21. Ba7 {1-0 (21) Benlloch Guirau,A (2397)-De Palma,F (2016) ICCF email 2007}) 13... Rfd8 {[#]} 14. c5 $1 {[%mdl 512]} b5 (14... bxc5 15. bxc5) 15. a4 a6 $1 16. Nb3 Nf8 17. Rfd1 Ne6 18. Rxd8+ Rxd8 19. Rd1 Ne8 20. axb5 axb5 21. Rxd8 Qxd8 22. Qd2 Qa8 (22... Qxd2 $11 23. Bxd2 Nd4) 23. Na5 $14 {aiming for Qd7.} Nd4 24. Bd1 Nc7 ({Better is} 24... Qc8) 25. Bxd4 $16 exd4 {[#]} 26. Ne2 $1 Na6 27. Nxd4 {Threatens to win with Nf3.} Nxc5 $2 (27... Qd8 $16 {was worth a try.}) 28. Nxb7 $2 (28. bxc5 $18 Bxd4 29. Nxb7 (29. Qxd4 Qxa5 30. h4 Bc8 $11)) 28... Nxe4 $11 29. Qd3 Qxb7 30. Qxe4 Qd7 31. Bg4 Qxd4 32. Qxd4 Bxd4 33. Bd7 {Accuracy: White = 65%, Black = 57%.} 1/2-1/2

[Event "Reykjavik Chess Congress 2019"]
[Site "Reykjavik"]
[Date "2019.01.27"]
[Round "7"]
[White "Kjartansson, Gudmundur"]
[Black "Briem, Stephan"]
[Result "1-0"]
[WhiteElo "2424"]
[BlackElo "1987"]
[Annotator "TA"]
[PlyCount "75"]
[EventDate "2019.01.09"]
[EventType "swiss"]
[EventCountry "ISL"]
[SourceTitle "playchess.com"]
[Source "ChessBase"]
[SourceQuality "1"]

{[%evp 10,75,52,6,6,6,15,15,34,28,55,51,48,51,43,42,88,88,88,78,89,84,87,87,96,84,87,86,86,79,85,91,87,71,144,154,150,148,171,179,180,158,202,177,213,172,189,185,230,180,287,275,378,383,473,473,604,615,595,602,577,460,720,719,719,713,698,626]} 1. c4 e5 2. Nc3 Nc6 3. g3 f5 4. Bg2 Nf6 5. e3 d5 6. Nxd5 Nxd5 {A25: English Opening vs King's Indian with ...Nc6 but without early d3} 7. cxd5 Nb4 8. d3 c6 {The position is equal.} (8... Nxd5 9. Nf3 Bb4+ 10. Bd2 Bxd2+ 11. Qxd2 Qd6 12. O-O O-O 13. e4 Ne7 14. d4 fxe4 15. Nxe5 {1-0 (50) Kramnik,V (2799)-Bartel,M (2674) Dortmund 2012}) 9. Qb3 Nxd5 10. Nf3 Bd6 11. e4 Nf6 12. O-O Qe7 {[#]} 13. exf5 $1 Bxf5 14. Re1 Be6 $146 15. Qc2 Bd5 {[#]} 16. Nxe5 $1 {[%mdl 512]} Bxg2 (16... Bxe5 17. d4) 17. Kxg2 O-O-O 18. d4 {Strongly threatening Qf5+.} Qe6 19. Nf3 $36 {[%mdl 2048] White is really pushing.} Qd5 20. Bg5 Rdf8 21. Qb3 Ne4 (21... Qxb3 $142 22. axb3 a6) 22. Qxd5 $16 cxd5 23. Be3 Kd7 24. Ne5+ Bxe5 25. dxe5 {Threatens to win with f3.} b6 26. a4 Nc5 27. Red1 {b4 is the strong threat.} Ke6 28. b4 Nd7 29. a5 Rb8 (29... Rc8 {is a better defense.} 30. Ra2 Rhf8 31. axb6 axb6) 30. Ra2 $18 bxa5 31. Rxa5 {[%mdl 64] Double Attack} Rxb4 32. Rdxd5 {White is clearly winning.} Rb7 33. Rd6+ Ke7 34. Bg5+ Ke8 35. Rad5 Rf8 (35... h6 $142 36. Re6+ Kf8) 36. Re6+ Kf7 37. Re7+ {[%mdl 64] Double Attack} Kg6 38. Rdxd7 {Accuracy: White = 92%, Black = 46%.} 1-0

[Event "Reykjavik Chess Congress 2019"]
[Site "Reykjavik"]
[Date "2019.01.27"]
[Round "7"]
[White "Bjornsson, Sigurbjorn"]
[Black "Gretarsson, Hjorvar Steinn"]
[Result "0-1"]
[WhiteElo "2296"]
[BlackElo "2560"]
[Annotator "TA"]
[PlyCount "59"]
[EventDate "2019.01.09"]
[EventType "swiss"]
[EventCountry "ISL"]
[SourceTitle "playchess.com"]
[Source "ChessBase"]
[SourceQuality "1"]

{[%evp 16,59,15,0,33,14,28,-5,-12,-34,-27,-25,-28,-42,-28,-54,-19,-93,-87,-214,-208,-256,-270,-262,-258,-275,-261,-348,-262,-258,-254,-385,-395,-390,-380,-570,-577,-1343,-1271,-1257,-1226,-1344,-1104,-1057,-1022,-1009]} 1. e4 g6 2. d4 Bg7 3. Nc3 d6 4. f4 a6 5. Nf3 b5 6. Bd3 Nd7 7. e5 c5 {B06: Modern Defence} 8. e6 (8. Be4 Rb8 9. Be3 b4 10. Ne2 Nh6 11. dxc5 Nxc5 12. Bxc5 dxc5 13. Bc6+ Bd7 14. Qd5 Rc8 15. Bxd7+ Qxd7 16. Qxd7+ Kxd7 {1-0 (41) Yu,Y (2760)-Adhiban,B (2655) chess.com INT 2018}) 8... fxe6 9. Ng5 {LiveBook: 6 Games} Ndf6 {The position is equal.} 10. dxc5 Nh6 11. Qe2 dxc5 $146 {[%cal Bd6c5,Bc5c4][%mdl 32]} ({Predecessor:} 11... Nf5 12. cxd6 Qxd6 13. O-O O-O 14. Kh1 Nd5 15. Nce4 {1-0 (23) Milov,L (2494)-Marquardt,C (2085) Bad Homburg 2014}) 12. Nxe6 Bxe6 13. Qxe6 Qd6 14. Qe2 c4 $36 {[%mdl 2048] Black has some pressure.} 15. Be4 $1 {[%cal Re4a8]} Rd8 {Threatens to win with ...b4.} 16. Bf3 (16. O-O $11) 16... Nf5 $17 17. Be3 {[#]} (17. O-O $17) 17... Qb4 $1 $19 {[%cal Rb4b2]} 18. Rb1 Nd5 $1 {[%cal Rd5e3]} 19. Bxd5 {And now 0-0 would win.} Bxc3+ 20. Kf2 Rxd5 21. a3 Qa5 22. bxc3 Qxc3 23. Rhd1 (23. Rhe1 $142) 23... Nxe3 24. Qxe3 Qxc2+ 25. Ke1 (25. Qe2 {is the only way for White.} Qxe2+ 26. Kxe2) 25... Qxg2 {Black is clearly winning.} 26. Qe6 {aiming for Qc6+.} Qh1+ 27. Ke2 Qxh2+ 28. Ke3 {[#]} Rd3+ $1 29. Rxd3 Qg3+ ({Weaker is} 29... cxd3 30. Qc8+ Kf7 31. Qxh8 $16) 30. Kd4 {Precision: White = 26%, Black = 78%.} 0-1

[Event "Reykjavik Chess Congress 2019"]
[Site "Reykjavik"]
[Date "2019.01.27"]
[Round "7"]
[White "Stefansson, Vignir Vatnar"]
[Black "Kjartansson, David"]
[Result "1-0"]
[WhiteElo "2248"]
[BlackElo "2403"]
[Annotator "NA"]
[PlyCount "81"]
[EventDate "2019.01.09"]
[EventType "swiss"]
[EventCountry "ISL"]
[SourceTitle "playchess.com"]
[Source "ChessBase"]
[SourceQuality "1"]
[TimeControl "40/5400+30:900+30"]

1. c4 {[%emt 0:00:00]} b6 {[%emt 0:06:11]} 2. d4 {[%emt 0:00:37]} Nf6 {[%emt 0:00:27]} 3. Nf3 {[%emt 0:00:47]} Bb7 {[%emt 0:00:19]} 4. g3 {[%emt 0:00:19]} g6 {[%emt 0:10:28]} 5. Bg2 {[%emt 0:01:24]} Bg7 {[%emt 0:00:07]} 6. d5 {[%emt 0:04:19]} O-O {[%emt 0:03:48]} 7. Nc3 {[%emt 0:00:49]} c6 {[%emt 0:10:42]} 8. O-O {[%emt 0:02:15]} cxd5 {[%emt 0:00:28]} 9. cxd5 {[%emt 0:00:06]} Na6 {[%emt 0:07:34]} 10. e4 {[%emt 0:12:15]} d6 {[%emt 0:00:16]} 11. e5 {[%emt 0:04:06]} dxe5 {[%emt 0:11:25]} 12. Nxe5 {[%emt 0:00:12]} Rc8 {[%emt 0:00:34]} 13. a3 {[%emt 0:03:44]} Rxc3 {[%emt 0:15:33]} 14. bxc3 {[%emt 0:01:15]} Nxd5 {[%emt 0:01:21]} 15. Re1 {[%emt 0:03:36]} Qa8 {[%emt 0:09:10]} 16. c4 {[%emt 0:05:22]} Ndc7 {[%emt 0:02:53]} 17. Bxb7 {[%emt 0:00:52]} Qxb7 {[%emt 0:00:05]} 18. Bb2 {[%emt 0:01:08]} Ne6 {[%emt 0:06:27]} 19. Qd5 {[%emt 0:02:32]} Nac5 {[%emt 0:06:16]} 20. Rad1 {[%emt 0:04:52]} Qc7 {[%emt 0:01:19]} 21. Qf3 {[%emt 0:01:59]} f6 {[%emt 0:00:39]} 22. Nc6 {[%emt 0:02:56]} Ng5 {[%emt 0:00:54]} 23. Qg2 {[%emt 0:01:24]} e5 {[%emt 0:00:22]} 24. Qd5+ {[%emt 0:00:48]} Kh8 {[%emt 0:01:38]} 25. h4 {[%emt 0:02:24]} Nge6 {[%emt 0:00:32]} 26. Qd6 {[%emt 0:04:45]} Qf7 {[%emt 0:00:49]} 27. Qe7 {[%emt 0:03:36]} Qxe7 {[%emt 0:00:52]} 28. Nxe7 {[%emt 0:00:06]} e4 {[%emt 0:00:19]} 29. h5 {[%emt 0:03:01]} Rf7 {[%emt 0:00:49]} 30. Nc6 {[%emt 0:03:24]} Rc7 {[%emt 0:02:01]} 31. Nd4 {[%emt 0:05:27]} f5 {[%emt 0:00:28]} 32. h6 {[%emt 0:00:34]} Bxd4 {[%emt 0:00:31]} 33. Bxd4+ {[%emt 0:00:01]} Nxd4 {[%emt 0:00:32]} 34. Rxd4 {[%emt 0:00:02]} Kg8 {[%emt 0:00:10]} 35. Red1 {[%emt 0:03:00]} Kf7 {[%emt 0:00:17]} 36. Rd8 {[%emt 0:02:00]} Kf6 {[%emt 0:00:20]} 37. Rg8 {[%emt 0:01:57]} Nd3 {[%emt 0:00:27]} 38. f4 {[%emt 0:01:42]} Rxc4 {[%emt 0:01:19]} 39. Rg7 {[%emt 0:00:36]} Ra4 {[%emt 0:00:31]} 40. Rxh7 {[%emt 0:00:00]} g5 {[%emt 0:00:00]} 41. Rc7 {[%emt 0:01:02]} 1-0